| 000 | 00607cam a2200145 4500500 | ||
|---|---|---|---|
| 005 | 20260208010541.0 | ||
| 041 | _afre | ||
| 042 | _adc | ||
| 100 | 1 | 0 |
_aBenoit, Blaise _eauthor |
| 245 | 0 | 0 | _aThierry Ménissier, Machiavel, la politique et l’histoire. Enjeux philosophiques, Paris, PUF, 2001, coll. « Fondements de la politique », 273 p.. |
| 260 | _c2005. | ||
| 500 | _a46 | ||
| 786 | 0 | _nRevue philosophique de la France et de l'étranger | 130 | 1 | 2005-03-01 | p. 77zz-130zz | 0035-3833 | |
| 856 | 4 | 1 | _uhttps://shs.cairn.info/revue-philosophique-2005-1-page-77zz?lang=fr&redirect-ssocas=7080 |
| 999 |
_c1657091 _d1657092 |
||